Agua : una visión ambiental de los problemas de contaminación, 13 al 24 de noviembre /
Guardado en:
| Autor Principal: | |
|---|---|
| Otros Autores: | , , , |
| Formato: | Libro |
| Idioma: | Spanish |
| Publicado: |
Bahía Blanca :
Universidad Nacional del Sur. Departamento de Agronomía,
1995.
|
| Etiquetas: |
Agregar Etiqueta
Sin Etiquetas, Sea el primero en etiquetar este registro!
|
| LEADER | 00818nam a22001935a 4500 | ||
|---|---|---|---|
| 001 | EEA.libagro005169 | ||
| 005 | 20181002113016.0 | ||
| 008 | 130809s1995####ag#a##########000#0#spa#d | ||
| 082 | 0 | 4 | |a 333.9114 |
| 082 | 0 | 4 | |a 628.16 |
| 100 | 1 | |a Cabezalí, Clyde B. | |
| 245 | 1 | 0 | |a Agua : |b una visión ambiental de los problemas de contaminación, 13 al 24 de noviembre / |c Clyde B. Cabezalí, Mónica Diana Baldini, María Amelia Cubitto, Carmen E. Fiorentino, Nora Elena Echeverría. |
| 260 | |a Bahía Blanca : |b Universidad Nacional del Sur. Departamento de Agronomía, |c 1995. | ||
| 300 | |a 1 v. (sin paginar) : |b il. ; |c 29 cm. | ||
| 700 | 1 | |a Baldini, Mónica Diana. | |
| 700 | 1 | |a Cubitto, María Amelia. | |
| 700 | 1 | |a Fiorentino, Carmen E. | |
| 700 | 1 | |a Echeverría, Nora Elena. | |
| 859 | |a AR-BbBCA |b BIB. AGRONOMIA |h 333.9114 |i B151 |p 1995/2440 | ||
